Implementing mastery learning /
The mastery learning process. Examples of materials for implementing mastery learning.
Na minha lista:
| Autor principal: | |
|---|---|
| Formato: | Livro |
| Idioma: | English |
| Publicado em: |
Belmont, CA :
Wadsworth,
1997.
|
| Edição: | 2nd ed. |
| Assuntos: | |
| Tags: |
Adicionar Tag
Sem tags, seja o primeiro a adicionar uma tag!
|
| Thư viện lưu trữ: | Mạng thư viện Đại học Đà Nẵng |
|---|
| LEADER | 00965cam a2200349 i 4500 | ||
|---|---|---|---|
| 001 | 000049014 | ||
| 003 | 8742 | ||
| 005 | 20030325153543.0 | ||
| 008 | 010319|1997 vm 000 eng | ||
| 020 | |a 0534258727 | ||
| 040 | |a IRC |c IRC |d IRC | ||
| 041 | 0 | |a eng | |
| 082 | 1 | 4 | |a 371.39 |b GU-T |
| 100 | 1 | |a Guskey, Thomas R. | |
| 245 | 0 | 0 | |a Implementing mastery learning / |c Thomas R. Guskey ; with a foreword by Benjamin S. Bloom. |
| 250 | |a 2nd ed. | ||
| 260 | |a Belmont, CA : |b Wadsworth, |c 1997. | ||
| 300 | |a xxvii, 308 p. ; |c 23cm. | ||
| 520 | 3 | |a The mastery learning process. Examples of materials for implementing mastery learning. | |
| 630 | 0 | 4 | |a Education. |
| 630 | 0 | 4 | |a Learning. |
| 650 | 0 | 4 | |a Mastery learning. |
| OWN | |a DUT | ||
| 999 | |a From the UDN01 | ||
| TYP | |a Monograph | ||
| TYP | |a Printed language | ||
| 980 | |a Mạng thư viện Đại học Đà Nẵng | ||


